000 03508nam a2200457 i 4500
001 EBC4085794
003 MiAaPQ
005 20240121070538.0
006 m o d |
007 cr cnu||||||||
008 151016t20152015mdu ob 001 0deng|d
020 _z9780739198780 (cloth : alk. paper)
020 _a9780739198797 (e-book)
035 _a(MiAaPQ)EBC4085794
035 _a(Au-PeEL)EBL4085794
035 _a(CaPaEBR)ebr11125104
035 _a(CaONFJC)MIL849189
035 _a(OCoLC)928017481
040 _aMiAaPQ
_beng
_erda
_epn
_cMiAaPQ
_dMiAaPQ
041 1 _aeng
_hfre
_heng
050 4 _aPN1998.3.P42
_bR37 2015
082 0 _a791.4302/33092
_223
245 0 0 _aRaoul Peck :
_bpower, politics, and the cinematic imagination /
_cedited by Toni Pressley-Sanon and Sophie Saint-Just.
264 1 _aLanham [Maryland] :
_bLexington Books,
_c[2015]
264 4 _c2015
300 _a1 online resource (302 pages)
336 _atext
_2rdacontent
337 _acomputer
_2rdamedia
338 _aonline resource
_2rdacarrier
504 _aIncludes bibliographical references and index.
505 0 _aIntroduction / Sophie Saint-Just and Toni Pressley-Sanon -- History is Too Important to Leave to Hollywood: Colonialism, Genocide and Memory in the Films of Raoul Peck / Alyssa Goldstein Sepinwall -- Disrupting conventional film structure: letters, voice-over, and traumatic irruption in Raoul Peck's films / Joelle Vitiello -- "My story is not a nice story": Sometimes in April (2005) and the Rwandan genocide film / Jane M. Bryce -- Framing the dispersal in diaspora: Raoul Peck, transnational filmmaker / Sophie Saint-Just -- On the edge of silence: l(in)-imaginable and gendered representations of the Rwandan genocide from photography to Raoul Peck's Sometimes in April / Myriam J. A. Chancy -- Haitian national identity and gender in Raoul Peck's Moloch tropical / Tama Hamilton-Wray -- Interrogating images: Lumumba: death of a prophet as reflexive autobiographical documentary / Rachel Gabara -- Postcolonialism and the poetics of pragmatism: Raoul Peck's Fatal assistance and Alain Resnais's Hiroshima mon amour / Alessandra Benedicty-Kokken -- "Haiti mon amour" / John P. Walsh -- Lot Bo and Anba Dlo: the dialectics of Raoul Peck's Desounen: dialogue with death / Toni Pressley-Sanon -- Politics, masculinity, and apocalyptic memory in L'homme sur les quais / Martin Munro -- Lessons from the cinema of Raoul Peck / Olivier Barlet; translated by Sophie Saint-Just -- Stolen images or footnotes: keynote address to the 2013 Haitian Studies Association Conference / Raoul Peck; translated by Sophie Saint-Just -- "Beyond help?": address by Raoul Peck, Conference on "Beyond aid: from charity to solidarity", Frankfurt, Germany, February 20, 2014 / Raoul Peck; translated by Alyssa Goldstein Sepinwall.
588 _aDescription based on print version record.
590 _aElectronic reproduction. Ann Arbor, MI : ProQuest, 2015. Available via World Wide Web. Access may be limited to ProQuest affiliated libraries.
600 1 0 _aPeck, Raoul
_xCriticism and interpretation.
655 4 _aElectronic books.
700 1 _aPressley-Sanon, Toni,
_eeditor.
700 1 _aSaint-Just, Sophie,
_eeditor.
776 0 8 _iPrint version:
_tRaoul Peck : power, politics, and the cinematic imagination.
_dLanham [Maryland] : Lexington Books, [2015]
797 2 _aProQuest (Firm)
856 4 0 _uhttps://ebookcentral.proquest.com/lib/bacm-ebooks/detail.action?docID=4085794
_zClick to View
999 _c239625
_d239625